Inseln des Schwarzen Meeres - Statistiken

Allgemein
  • Dieses Quiz wurde 18 mal gespielt
  • Das Durchschnittsergebnis liegt bei 10 aus 37
Antwortstatistiken
Land Insel % Korrekt
Ukraine Schlangeninsel
86%
Ukraine Adalary
29%
Türkei Amazoneninsel
29%
Bulgarien Ambeliz
29%
Ukraine Beresan
29%
Türkei Eşek
29%
Ukraine Dscharylhatsch
29%
Türkei Giresun Adası
29%
Türkei Hoynat Adası
29%
Rumänien Insula K
29%
Ukraine Insula K
29%
Rumänien Insula Sacalin
29%
Türkei Kanincheninsel
29%
Türkei Kefken Adası
29%
Bulgarien Krokodila
29%
Russland Krupinina
29%
Bulgarien Mestnost Korabite
29%
Türkei Ocaklı Ada
29%
Türkei Öreke Adaları
29%
Bulgarien Ptitschi
29%
Bulgarien Russalka
29%
Russland Sudschuk
29%
Bulgarien Sweta Anastasia
29%
Bulgarien Sweti Iwan
29%
Bulgarien Sweti Kirik
29%
Bulgarien Sweti Petar
29%
Bulgarien Sweti Toma
29%
Türkei Tavşan Adası
29%
Russland Utrisch
29%
Ukraine Kalantschazkі ostrowi
14%
Ukraine Lebedyni ostrowy
14%
Ukraine Orlow
14%
Ukraine Perwomajskyj
14%
Ukraine Skeli-korabli
14%
Ukraine Tendra
14%
Ukraine Tusla
14%
Ukraine Ustritschnі ostrowi
14%
Keine übereinstimmenden Quizze gefunden
Verteilung der Resultate
Anzahl Personen mit jedem Resultat
Perzentil nach korrekt beantworteten Fragen
Ihre Resultats-Entwicklung
Sie haben dieses Quiz noch nicht gespielt